| 000 | 00534nam a2200169 a 4500 | ||
|---|---|---|---|
| 005 | 20140412111343.0 | ||
| 008 | 040122s19uu xx 00 eng d | ||
| 050 |
_aBB _bKi46 2003 |
||
| 100 | _aSantos, Nati A. | ||
| 245 |
_aKites away / _cwritten by Nati A. Santos; illustrated by Ananias "Dondon" Grajo III. |
||
| 260 |
_aPasay City : _bLittle Big Books Inc, _c2003. |
||
| 300 | _a16 p. ; ill. | ||
| 440 | _aLittle Big Books Easy Reading Series-Set 2 | ||
| 650 | _aKites--Fiction | ||
| 650 | _aChildren stories | ||
| 999 |
_c105162 _d105162 |
||